[Event "AUT-ch U10 Girls"]
[Site "Mattersburg"]
[Date "2007.??.??"]
[Round "1"]
[White "Kogler, Alexandra"]
[Black "Steindl, Eva Maria"]
[Result "1-0"]
[WhiteElo "1357"]
[BlackElo "1200"]
[PlyCount "79"]
[EventDate "2007.05.??"]
[EventType "swiss"]
[EventRounds "7"]
[EventCountry "AUT"]
[SourceTitle "EXT 2008"]
[Source "ChessBase"]
[SourceDate "2007.11.25"]
[SourceVersion "1"]
[SourceVersionDate "2007.11.25"]
[SourceQuality "1"]

1. d4 d5 2. c4 Nf6 3. Nc3 Bf5 4. Nf3 Nc6 5. Bf4 e6 6. e3 Bd6 7. Bg5 h6 8. Bh4 0-0 9. Bd3 Bxd3 10. Qxd3 Qd7 11. Bxf6 gxf6 12. c5 Nb4 13. Qb1 Be7 14. a3 Nc6 15. b4 Rad8 16. 0-0 f5 17. b5 Na5 18. Ne5 Qe8 19. Qb4 b6 20. Qb2 f6 21. Nd3 Rf7 22. a4 Rg7 23. Nf4 e5 24. Ne6 Rh7 25. Nxd8 Bxd8 26. Nxd5 Qg6 27. g3 Nc4 28. Qc2 Na5 29. Rac1 Rg7 30. cxb6 axb6 31. Rfd1 f4 32. Qxg6 Rxg6 33. Nxc7 Nb3 34. Rc3 Na5 35. dxe5 fxe5 36. Rxd8+ Kf7 37. Na6 fxe3 38. fxe3 Rf6 39. Rc7+ Kg6 40. Rg8+ 1-0

[Event "AUT-ch U10 Girls"]
[Site "Mattersburg"]
[Date "2007.??.??"]
[Round "6"]
[White "Steindl, Eva Maria"]
[Black "Hagspiel, Laura"]
[Result "1-0"]
[WhiteElo "1200"]
[BlackElo "1200"]
[PlyCount "87"]
[EventDate "2007.05.??"]
[EventType "swiss"]
[EventRounds "7"]
[EventCountry "AUT"]
[SourceTitle "EXT 2008"]
[Source "ChessBase"]
[SourceDate "2007.11.25"]
[SourceVersion "1"]
[SourceVersionDate "2007.11.25"]
[SourceQuality "1"]

1. d4 d5 2. Bf4 Bf5 3. Nc3 Nf6 4. Nf3 Nc6 5. Nb5 e6 6. Nxc7+ Ke7 7. Nxa8 Qxa8 8. e3 Bg4 9. Be2 Ke8 10. 0-0 Bb4 11. h3 Bxf3 12. Bxf3 Qd8 13. c3 Bd6 14. Bxd6 Qxd6 15. Qd3 Rf8 16. Qb5 a6 17. Qxb7 Nd8 18. Qc8 a5 19. a4 g5 20. Be2 h5 21. Bb5+ Ke7 22. Qb8 Qxb8 23. Ra3 g4 24. Re1 gxh3 25. gxh3 Qd6 26. Rb3 e5 27. Be2 exd4 28. cxd4 Qe6 29. Rb5 Qe4 30. f3 Qh4 31. Rc1 Rg8+ 32. Kf1 Qg3 33. Rc7+ Nd7 34. Rxd5 Ke6 35. Rcxd7 Nc6 36. R7d6+ Ke7 37. Rxc6 Qxh3+ 38. Ke1 Qh2 39. Rxa5 h4 40. Ra7+ Kd8 41. Rb6 h3 42. d5 f5 43. d6 Re8 44. Rb8# 1-0